000 00741nam a2200229Ia 4500
001 15966
003 GE_BSU
008 181216s||||||||xx |||||||||||||| ||und||
040 _cGE_BSU
080 _a821.353.1-4
100 _aხერგიანი, მირონ
245 _aწეროების პოლიგონი
245 _bნარკვევი
245 _cრედ.ც.ფირცხალავა. მხ.ა.თევზაძე
260 _aთბილისი
260 _bსაბჭ. საქართველო
260 _c1986
300 _a226გვ. ; 20სმ.
653 _aნარკვევი
653 _aწეროების პოლიგონი
942 _cBK
999 _c49060
_d49060